| 000 | 00806nam a2200229 a 4500 | ||
|---|---|---|---|
| 001 | BRCA_763 | ||
| 005 | 20190320203135.0 | ||
| 008 | 020627s2001----mx-a---##b---f000-0#spa-d | ||
| 020 | _a9701856902 (t.1) | ||
| 040 |
_aDLC _cDLC |
||
| 050 | 4 |
_aN6554 _b.H33 2001 |
|
| 245 | 1 | 0 |
_aHacia otra historia del arte en México _bde la estructuración colonial a la exigencia nacional (1780-1860) _ccoordinadora Esther Acevedo. |
| 260 |
_aMéxico _bCONACULTA : Dirección General de Publicaciones _c2001 |
||
| 300 |
_a385 p. _bil. (algunas a color) _c23 cm. |
||
| 440 | 0 |
_aArte e imagen _92535 |
|
| 500 | _aIncluye lista de obra | ||
| 504 | _aBibliografía: p. 274-290 | ||
| 650 | 1 | 4 |
_aArte mexicano _ySiglo XVIII-XIX _92536 |
| 650 | 1 | 4 |
_aArte _xHistoriografía _91540 |
| 700 | 1 |
_aAcevedo, Esther _92537 |
|
| 942 |
_2lcc _cB |
||
| 999 |
_c662 _d662 |
||